Quizzes
Events
Quiz Creation
Community
Videos
Private Events
Remove Ads
Sign In
Join for FREE
Feedback
Dark Mode
Quiz Categories
Sports
Geography
Music
Movies
Television
Just For Fun
Miscellaneous
History
Literature
Language
Science
Gaming
Entertainment
Religion
Holiday
For Kids
Quiz Lab
Recent
Popular Today
Quiz Kudos Today
Editor Picks
Curator Picks
Quizzes by...
Day
Popularity
Type
Ratings
Length
Year
Community
Subscriptions
Recent Discussions
Orange Saloon
Badges
Playlists
Quests
Create
Leaderboards
Showdown
Live 5
Trivia Bingo
Activity
Puzzle Library
Sporcle Events
Private Events
Virtual Trivia
Globe League
Become a Host
Pub Owners
SporcleCon
Opinionation
Our Games
Videos
Blog
Mobile Apps
Partnerships
Remove Ads and Go Orange
Feedback
Entertainment
Celebrity
Famous
Musical
Broadway
Show
Quote
Comic Books
Anime
Superhero
DC Comics
Marvel
Cartoons
Animation
Entertainment
Celebrity
Famous
Musical
Broadway
Show
Quote
Comic Books
Anime
Superhero
DC Comics
Marvel
Cartoons
Animation
Random Quiz
Search Sporcle
×
Quiz Lab
Quiz Lab
Entertainment
Role
Type in answers that appear in a list
Type in answers that appear in a list
Classic
Best Score? Go Orange.
All X-Statix Stats
Can you name the All X-Static Members?
By
Spike_Junkie00
5m
19 Questions
39 Plays
39 Plays
39 Plays
Comments
Comments
Give Quiz Kudos
Give Quiz Kudos
-
- Ratings
hide this ad
Replay
Link that replays current quiz
Next Quiz
Link to next quiz in quiz playlist
You Got
0%
They Got
Avg Score
60%
Avg Friend Score
Upgrade to see
Score Distribution
Jump to the score distribution portion of the page
Score
0/19
Timer
05:00
0
Plays Today
Identity
Alter Ego
% Correct
Charles Xavier
Professor X
94.9%
James 'Logan' Howlett
Wolverine
94.9%
A green, floating spheroid creature of unknown origins?
Doop
87.2%
Guy Smith
Mr Sensitive/Orphan
79.5%
Billy-
Bob Reilly
Phat
74.4%
Dee Milo
Venus Dee Milo
74.4%
Edie Sawyer
U-Go Girl
71.8%
Tike Alicar
Anarchist
69.2%
Moonbeam
Dead Girl
69.2%
Myles Alfred
Vivisector
66.7%
Identity
Alter Ego
% Correct
Mickey Tork
Bloke
51.3%
Robbie Rodriguez
El Guapo
51.3%
Anna
Saint Anna
51.3%
One-
armed Mentor
Coach
51.3%
Owen
Spike
46.2%
Woodstock Schumaker
Lacuna
38.5%
Henrietta Hunter
Henrietta Hunter
28.2%
Trillionaire owner.
Spike Freeman
25.6%
Arnie Lundberg
Mysterious Fan Boy
17.9%
Quiz Playlist
Details
Report
Send in Message
Add To Playlist
Classic:
Type in answers that appear in a list
Quiz Source
Last Updated: Feb 16, 2017
Quiz Scoreboard
CHALLENGE
Sign Up to Join the Scoreboard
Show All
Scores
Hide
Comments
May contain spoilers
Recently Published
Presidents Visiting Landmarks
by Hejman
History
7m
An Introduction to Baseball
by treessimontrees
Sports
5m
Movies - When Are They Set?
by FPL_Elf
Movies
5m
More to Explore
Quiz From the Vault
Featured Blog Post
Where Did the Easter Bunny Come From?
hide this ad
You Might Also Like...
Tags
Role Quiz
Alter
ego
Identity
Today's Top Quizzes in Entertainment
Browse Entertainment
hide this ad
Today's Top Quizzes in Role
Browse Role
Top Contributed Quizzes in Entertainment
1
7-to-1: DC Comics Villains
2
Marvel Characters Bunker
3
Eurovision 2023 Logic Puzzle
4
Kamen Rider Motifs
5
Dragon Ball Z: Goku's Fights in Order
6
Criteria Quickie: Cartoon Taxonomy II
7
Fictional Villains Letter U Blitz
8
Dragon Ball Z: Mega Character Search
9
Sorting Pictures: Villains
10
Mini Trivia Sudoku: Musicals
Explore More
Trending Topics
Disney
Anime
Harry Potter
NBA
Marvel
Crossword
Kpop
NFL
The Office
Soccer
Puzzle
Pokémon
WWE
Song
Country
hide this ad
More By:
Spike_Junkie00
Quiz
Plays
Rating
Category
Featured
Created
DC's New 52 Comics
1,539
5.00
Entertainment
Mar 14, 2012
Intense Batman Knowledge 1
834
4.80
Entertainment
May 5, 2011
TMNT Characters
818
4.00
Entertainment
May 7, 2012
Wolverine and the X-Men
568
4.43
Entertainment
Apr 29, 2012
Greek VS. Norse
553
3.14
Religion
May 5, 2011
Go to Creator's Profile
Score Distribution
Quiz Creator Spotlight
Spike_Junkie00
Follow
Send a Message
Quizzes Created
-
Created Quiz Play Count
-
More By This Creator
Popular Quizzes Today
1
Find the US States - No Outlines Minefield
2
Find the Countries of Europe - No Outlines Minefield
3
The Countries of the World
4
Find the US States
5
Popular People in 1961
6
US States
7
Risky Map Clicking: Biggest States A-Z
8
Movies - When Are They Set?
More Entertainment Quizzes
Marvel Supercharacters 4 (PictureClick)
Quiz Lab
Trending Quizzes
Risky Map Clicking: Least Populous States A-Z
1-10 Letter G Words
1-10 Letter F Words
Risky Map Clicking: Next State Alphabetically
Risky Map Clicking: Biggest States A-Z
Recently Updated
Leaping Animals
pecheneg
Reality TV Shows (A-Z)
bhenderson79
Rickey Henderson's Hall of Fame Teammates
pecheneg
Champions League XIs: Arsenal
pecheneg
Quick Pick: Celebrities in WWE's Hall of Fame
aduchscher
A-Z Keypad Blitz II
pecheneg
Multiple Oscar Actors
pecheneg
Mystery Phrase Blitz: Oscar 'Best Actors'
pecheneg
F. Scott Fitzgerald Novels
LTH
Pick 3 Villains
ddd62291
Trending Topics
Anime
Marvel
Disney
Kpop
Crossword
Harry Potter
NBA
Song
Pokémon
NFL
WWE
Puzzle
Soccer
Country
The Office
Your Account Isn't Verified!
In order to create a playlist on Sporcle, you need to verify the email address you used during registration. Go to your
Sporcle Settings
to finish the process.
Report this User
Report this user for behavior that violates our
Community Guidelines
.
Details:
Send Report
Go to the Sporcle.com Mobile Site →
Comments